000 00237nam a2200109Ia 4500
008 190216s9999||||xx |||||||||||||| ||und||
100 _aMoidu Padiyath
245 0 _aAmbalam
260 _bNbs Kottayam
650 _aMalayalam
942 _cBK
999 _c25962
_d25962